000 00740nam a2200253Ia 4500
003 OSt
005 20221005070105.0
006 a|||||r|||| 00| 0
007 ta
008 221004b |||||||| |||| 00| 0 eng d
020 _a817154813X (pbk)
_cIndian Rupees 275
024 _a40531
037 _bGift, 24/10/2018,
_cTextual
040 _aCRL
_cCRL
_beng
041 _2eng
_aeng
082 _aW, P4
100 _aDevesh Vijay Au.
_9605282
245 0 _aWriting politics
_b left discourses in contemporary India
260 _aMumbai
_bPopular prakashan India
_c2004
300 _a245p.
_ccm.
650 _aPOLITICAL SCIENCE
942 _hW, P4
_cTEXL
_2cc
999 _c975638
_d975638